Normal view
MARC view
- Toor, M.A
Entry Personal Name
001 - CONTROL NUMBER
- control field: 105239
003 - CONTROL NUMBER IDENTIFIER
- control field: NUST
005 - DATE AND TIME OF LATEST TRANSACTION
- control field: 20221219180939.0
008 - FIXED-LENGTH DATA ELEMENTS
- fixed length control field: 221219|| aca||aabn | a|a d
040 ## - CATALOGING SOURCE
- Original cataloging agency: NUST
- Transcribing agency: NUST
100 ## - HEADING--PERSONAL NAME
- Personal name: Toor, M.A
670 ## - SOURCE DATA FOUND
- Source citation: Work cat.: (NUST)190541: Toor, M.A, Inventions and patents an introduction to patent system /, 1977
